CEYLON JOURNAL OF SCIENCE: BIOLOGICAL SCIENCE (Record no. 7486)

MARC details
000 -LEADER
fixed length control field 00364nam a2200121Ia 4500
022 ## - INTERNATIONAL STANDARD SERIAL NUMBER
ISSN 0069-2379
245 #0 - TITLE STATEMENT
Title CEYLON JOURNAL OF SCIENCE: BIOLOGICAL SCIENCE
260 ## - PUBLICATION, DISTRIBUTION, ETC. (IMPRINT)
Name of publisher University of Peradeniya
Place of publication Sri Lanka
500 ## - GENERAL NOTE
General note Ending Volume & Year: 20, 1987
500 ## - GENERAL NOTE
General note Starting Volume & Year: 11, 1974/75
942 ## - ADDED ENTRY ELEMENTS (KOHA)
Koha item type Bound Journal
Holdings
Withdrawn status Lost status Damaged status Not for loan Home library Current library Date acquired Accession Number Koha item type
      Bound journals RRII Library RRII Library 31/12/2021 07452J Bound Journal